| 000 | 00925nam a2200253Ia 4500 | ||
|---|---|---|---|
| 001 | IA_Murray R. Spiegel ; traducción Orlando Guerrero Ribero | ||
| 002 | MANUAL DE FORMULAS Y TABLAS MATEMATICAS : 2400 FOR | ||
| 008 | 220117s DE xx 000 0 und d | ||
| 010 | _a180688 | ||
| 260 |
_aMéxico : _bMcGraw-Hill, _c DE |
||
| 300 | _a271 p. | ||
| 440 |
_aSchaum _9102914 |
||
| 500 | _aTítulo original: Schaum's outline of mathematical handbook of formulas and tables | ||
| 503 | _aD. | ||
| 590 | _aQA41 S65 1991 | ||
| 650 |
_aMatemáticas _xFórmulas _xManuales _9150454 |
||
| 650 |
_aMatemáticas _xTablas _xManuales _9150455 |
||
| 650 |
_aMathematics _xFormulas _xManuals, text _xbooks, etc. _9150456 |
||
| 650 |
_aMathematics _xTables _xManuals, text _xbooks, etc. _9150457 |
||
| 700 |
_aGuerrero Ribero, Orlando, tr. _9150458 |
||
| 904 | _a DE | ||
| 942 | _c510.212 S65 1991 | ||
| 999 |
_c180688 _d180688 |
||